MARC details
| 000 -CABECERA |
| campo de control de longitud fija |
00825cam a2200241 a 4500 |
| 001 - NÚMERO DE CONTROL |
| campo de control |
000005499 |
| 005 - FECHA Y HORA DE LA ÚLTIMA TRANSACCIÓN |
| campo de control |
20200929151707.0 |
| 008 - DATOS DE LONGITUD FIJA--INFORMACIÓN GENERAL |
| campo de control de longitud fija |
910319s1990 sp a 000 p spa |
| 020 ## - NÚMERO INTERNACIONAL ESTÁNDAR DEL LIBRO |
| Número Internacional Estándar del Libro |
8437609313 |
| 040 ## - FUENTE DE LA CATALOGACIÓN |
| Centro catalogador/agencia de origen |
DO-SdBNP |
| Centro/agencia transcriptor |
DLC |
| Centro/agencia modificador |
DLC |
| 082 ## - NÚMERO DE LA CLASIFICACIÓN DECIMAL DEWEY |
| Número de clasificación |
861.3 |
| Número de documento/Ítem |
T213p |
| 100 1# - ENTRADA PRINCIPAL--NOMBRE DE PERSONA |
| Nombre de persona |
Tassis, Juan de, |
| Títulos y otros términos asociados al nombre |
conde de Villamediana, |
| Fechas asociadas al nombre |
1580-1622. |
| 9 (RLIN) |
15583 |
| 245 10 - MENCIÓN DE TÍTULO |
| Título |
Poesía impresa completa / |
| Mención de responsabilidad, etc. |
Juan de Tassis, conde de Villamediana ; edición, José Francisco Ruiz Casanova. |
| 260 ## - PUBLICACIÓN, DISTRIBUCIÓN, ETC. |
| Lugar de publicación, distribución, etc. |
Madrid : |
| Nombre del editor, distribuidor, etc. |
Cátedra, |
| Fecha de publicación, distribución, etc. |
1990. |
| 300 ## - DESCRIPCIÓN FÍSICA |
| Extensión |
1254 p. : |
| Otras características físicas |
il. ; |
| Dimensiones |
18 cm. |
| 490 1# - MENCIÓN DE SERIE |
| Mención de serie |
Letras hispánicas |
| Designación de volumen o secuencia |
320 |
| 650 #4 - PUNTO DE ACCESO ADICIONAL DE MATERIA--TÉRMINO DE MATERIA |
| Término de materia o nombre geográfico como elemento de entrada |
Poesía española |
| 9 (RLIN) |
631 |
| 650 #4 - PUNTO DE ACCESO ADICIONAL DE MATERIA--TÉRMINO DE MATERIA |
| Término de materia o nombre geográfico como elemento de entrada |
Literatura española |
| 9 (RLIN) |
632 |
| 700 1# - PUNTO DE ACCESO ADICIONAL--NOMBRE DE PERSONA |
| Nombre de persona |
Ruiz Casanova, José Francisco, |
| Término indicativo de función/relación |
ed. |
| 9 (RLIN) |
8161 |
| 830 #0 - PUNTO DE ACCESO ADICIONAL DE SERIE-TÍTULO UNIFORME |
| Título uniforme |
Letras hispánicas ; |
| Designación de volumen o secuencia |
320 |
| 9 (RLIN) |
4208 |
| 910 ## - DATOS DE OPCIÓN DEL USUARIO (OCLC) |
| Datos de opción del usuario |
Catalogación por copia / LC |
| 910 ## - DATOS DE OPCIÓN DEL USUARIO (OCLC) |
| Datos de opción del usuario |
WM |